| 000 | 00398nam a2200133Ia 4500 | ||
|---|---|---|---|
| 005 | 20251222144824.0 | ||
| 008 | 251222s9999||||xx |||||||||||||| ||spa|| | ||
| 020 | _a84-7434-607-X | ||
| 082 | _a338.926/R41 | ||
| 100 | _aRenshaw, Geoffrey | ||
| 245 | 0 | _aReajuste y Comportamiento de la Economía en los Países Industrializados: | |
| 264 | _bMinisterio de Trabajo y Seguridad Social | ||
| 942 | _cLIB | ||
| 999 |
_c20616 _d20616 |
||